Aspekty techniczne i ekonomiczne otrzymywania bialka z soku ziemniaka
Salvato in:
| Autore principale: | |
|---|---|
| Natura: | Libro |
| Lingua: | polacco |
| Pubblicazione: |
Wroclaw
Wydawnictwo Akademii Ekonomicznej im. Oskara Langego we Wroclawiu
1997
|
| Serie: | Prace naukowe nr. 762
Seria: Monografie i opracowania nr. 122 |
| Soggetti: | |
| Tags: |
Nessun Tag, puoi essere il primo ad aggiungerne!!
|
MARC
| LEADER | 00000nam a2200000 4500 | ||
|---|---|---|---|
| 001 | c103069 | ||
| 005 | 20221124073059.7 | ||
| 020 | |a 83-7011-272-2 | ||
| 022 | |a 0324-8445, 0239-8532 | ||
| 041 | 0 | |a pol | |
| 044 | |a PL | ||
| 245 | 1 | 0 | |a Aspekty techniczne i ekonomiczne otrzymywania bialka z soku ziemniaka |c Józef Solinski |
| 264 | 1 | |a Wroclaw |b Wydawnictwo Akademii Ekonomicznej im. Oskara Langego we Wroclawiu |c 1997 | |
| 300 | |a 58 s. | ||
| 490 | 1 | |a Prace naukowe nr. 762 |v Seria: Monografie i opracowania nr. 122 | |
| 830 | 0 | |a Prace naukowe nr. 762 |v Seria: Monografie i opracowania nr. 122 | |
| 610 | 2 | 0 | |a zemiaky |
| 610 | 2 | 0 | |a potraviny |
| 610 | 2 | 0 | |a projekty investičné |
| 610 | 2 | 0 | |a efektívnosť ekonomická |
| 610 | 2 | 0 | |a náklady |
| 610 | 2 | 0 | |a Poľsko |
| 100 | 1 | |a Solinski, Józef | |